[Event "Dyfed Open"]
[Site "Fishguard"]
[Date "2019.02.23"]
[Round "2.17"]
[White "Pearson, Raymond"]
[Black "Morgans, Justin"]
[Result "1/2-1/2"]
[WhiteElo "1890"]
[BlackElo "1646"]
[Annotator "kemen"]
[PlyCount "52"]
[EventDate "2019.??.??"]

{[%evp 0,52,30,28,69,32,26,26,35,8,8,17,19,30,27,18,25,32,35,38,44,30,77,50,82,
49,79,100,108,86,124,87,92,68,96,80,98,83,102,73,144,141,141,131,172,135,329,
118,144,97,176,125,140,162,158]} 1. e4 c6 2. c4 e6 3. d4 d5 4. cxd5 exd5 5. e5
Bb4+ (5... Bf5 {main}) 6. Nc3 Ne7 7. Bd3 Bf5 (7... c5) 8. Nge2 Nd7 9. O-O h6 (
9... Nf8 10. Ng3 Bxd3 11. Qxd3 Ne6 12. Nce2 c5 13. Be3 h5 14. dxc5 Nc6 15. Rfd1
Nxe5 16. Qb5+ Nc6 17. Qxb7 Rc8 18. Rxd5 {Mammadova-Vakhania, EU ch rapid 
(women) Kutansi 2015,1-0}) 10. Ng3 (10. Nf4 $16 {Deep Fritz 13 & Komodo12})
10... Be6 (10... Bxd3 {both Engines}) 11. a3 (11. Nce2 $18 {both Engines})
11... Ba5 (11... Bxc3) 12. Nh5 $18 {Komodo12} Kf8 (12... O-O 13. b4 Bc7 14.
Bxh6 gxh6 15. Qc1 Nf5 16. Bxf5 Qg5 17. Nxd5 cxd5 18. Bxe6 fxe6 19. Qxc7 Qxh5
20. Qxd7 Qf7 21. Qb5 $18 {Komodo12}) 13. Nf4 $18 Qe8 14. Qf3 (14. Nxe6+ fxe6
15. Qg4 Qf7 16. b4 Bb6 17. Ne2 $18) 14... Kg8 15. Nce2 (15. Nxe6 fxe6 16. Qh3
Qf7 17. Ne2 $18 {Komodo12}) 15... Nf8 16. Nh5 (16. Nxe6 Nxe6 17. Be3 Bc7 18.
Qg3 (18. b4) 18... g6 19. f4 Ng7 20. f5 $18 {Komodo12 nudged}) 16... Neg6 17.
Neg3 Bd8 18. Bd2 (18. Qe2 Qd7 19. Qc2 Bg4 20. f4 $18 {Komodo12}) 18... a5 19.
b4 b6 20. bxa5 bxa5 21. Rfb1 {wrong direction? but the R can play a part in a
K side attack} (21. Qe3 Nh4 22. f4 $18 {Komodo12}) 21... Nh7 22. Rb7 Ng5 23.
Qd1 (23. Bxg5 $1 {Komodo12} hxg5 24. Bxg6 fxg6 (24... Rxh5 25. Bxh5 g6 26. Bg4
$18) 25. Rxg7#) 23... Bc8 24. Rb3 (24. Rbb1) 24... Nh4 25. Nf4 (25. Rab1 $18) (
25. f4 $18) 25... g6 26. Rab1 Bc7 $18 {Wh withdrew from the tournament after
this game} 1/2-1/2

[Event "Dyfed Open"]
[Site "Fishguard"]
[Date "2019.02.23"]
[Round "2.18"]
[White "Buttell, David"]
[Black "Roberts, Malcolm A"]
[Result "1-0"]
[WhiteElo "1793"]
[BlackElo "1630"]
[Annotator "kemen"]
[PlyCount "72"]
[EventDate "2019.??.??"]

{[%evp 0,72,19,25,19,-9,37,35,18,8,54,43,43,33,34,36,26,24,40,30,27,21,52,30,
46,41,55,39,22,50,51,68,81,82,84,92,96,96,92,78,78,54,96,112,99,98,106,110,115,
108,108,116,172,161,255,253,258,117,125,128,128,141,177,188,194,208,208,206,
202,202,197,201,201,218,687]} 1. d4 d5 2. c4 c6 3. Nf3 Nf6 4. Nc3 g6 5. e3 Bg7
6. Be2 O-O 7. O-O Nbd7 (7... Bg4) 8. cxd5 cxd5 9. Bd2 (9. Qb3 e6 {main}) 9...
Nb6 10. Rc1 Bd7 (10... Bg4) 11. Ne5 a6 (11... Bf5 12. a4 Rc8 13. Qb3 Be6 14.
Rfd1 Ne4 15. Nd3 Nxd2 16. Rxd2 Nc4 17. Rdd1 b6 18. Nb5 Qd7 19. Nf4 Nd2 20. Qb4
Ne4 21. f3 Nd6 22. Nc3 Nc4 {Borensztajn-Da Silva, Rio de Janeiro Borensztajn
op 2013,1/2-1/2}) 12. Qb3 Be6 13. a4 Rb8 (13... Ne4 14. Nxe4 dxe4 15. Nc4 Bxc4
16. Bxc4 Nxc4 17. Rxc4 Qd5 18. Rc3 Qxb3 19. Rxb3 e5 20. d5 Rfd8 21. Rxb7 Rxd5
22. Bc3 $14 {Komodo12}) 14. a5 Nbd7 15. Nxd7 Qxd7 16. Na4 $16 Ne4 17. Bb4 Rfe8
18. f3 Nd6 19. Nb6 Qd8 20. Rc5 Nf5 21. Kh1 Bh6 22. f4 $18 Bf8 23. Rfc1 Nd6 24.
Bf3 Ne4 25. Bxe4 dxe4 26. Qc2 Bf5 27. Rd5 Rc8 28. Rxd8 $18 (28. Bc3 $18) (28.
Qxc8 Qxc8 29. Nxc8 Bxc8 30. Rdc5 $18) 28... Rxc2 29. Rxc2 Rxd8 30. Rc7 Rb8 31.
h3 h5 32. Bxe7 Bg7 33. Bc5 Be6 34. d5 Bf5 35. b4 Bf6 36. Be7 Bc3 $2 1-0

[Event "Dyfed Open"]
[Site "Fishguard"]
[Date "2019.02.23"]
[Round "2.19"]
[White "Chong, Kimberly"]
[Black "Leah, Howard"]
[Result "1-0"]
[WhiteElo "1720"]
[BlackElo "1613"]
[Annotator "kemen"]
[PlyCount "97"]
[EventDate "2019.??.??"]

{[%evp 0,97,28,26,57,6,14,-4,15,15,70,74,110,110,161,106,148,148,122,127,136,
110,131,120,139,147,123,100,313,300,297,338,339,314,310,277,394,323,533,295,
327,372,372,372,351,336,565,340,475,285,301,285,296,281,320,316,344,336,348,
336,333,346,323,360,353,355,459,309,309,309,304,286,284,269,685,737,764,790,
874,378,416,423,325,139,218,133,173,133,133,163,183,151,932,988,1043,626,651,
821,890,854]} 1. e4 c5 2. c3 Nc6 3. d4 cxd4 4. cxd4 d6 5. Nf3 (5. Nc3 Nf6 6. h3
a6 7. Nf3 {Waterfield-Orton, same rd, Dyfed Open 2019,1-0}) 5... Qa5+ {has
been played, but puts the Q where she may not really want to be.} (5... Nf6 {
main}) 6. Nc3 (6. Bd2 {2-1}) 6... Bg4 (6... Nf6 7. Bd3 g6 8. O-O Bg7 9. d5 Nb4
10. a3 O-O 11. axb4 Qxa1 12. Qe2 Nxd5 13. exd5 Bxc3 14. bxc3 Qxc3 15. Bh6 Rd8
16. Qxe7 Bg4 {V Sivarajasingam-Mumford,Amersham e2e4 Major, 2012,1/2-1/2}) 7.
Be2 e6 (7... Nf6 8. O-O e6 9. h3 Bh5 10. Bf4 Bxf3 11. Bxf3 {Claus-Krah, Bayern
Seniors, Schloss Schney 2001,1-0}) (7... e5 $5 {Cloud Engines}) 8. d5 $18 exd5
9. exd5 Bxf3 10. Bxf3 (10. gxf3 Ne5 11. Bb5+ Nd7 12. Qe2+ Be7 13. Rg1 g6 14.
Bd2 a6 15. Ne4 Qb6 16. Bxd7+ Kxd7 17. Bc3 $18 {Stockfish10}) 10... Ne5 11. Be2
a6 12. Bd2 $16 (12. f4 $18) (12. O-O $18) 12... Be7 13. Rc1 Nf6 $2 (13... Qd8)
14. Nb5 $18 Qd8 15. Nc7+ Kf8 16. Nxa8 Qxa8 17. Qb3 Ne4 18. Bf4 (18. Be3) 18...
Nc5 $2 19. Qc2 (19. Rxc5 dxc5 20. Bxe5) (19. Qg3) 19... g5 20. Bxe5 dxe5 21. b4
(21. O-O {simplest}) 21... Nd7 22. O-O Nb6 23. Qf5 (23. Qc7 Qd8 24. Qxb7 $18 {
Stockfish10}) (23. d6 Bxd6 24. Rfd1 Qd8 (24... Be7 25. Qc7) 25. Qd2 $18 {
Stockfish10}) 23... Kg7 24. Qxe5+ (24. d6 {is even stronger} Bf6 (24... Bxd6
25. Qxg5+ Kf8 26. Qf6 $18) 25. Rc7 Qd8 26. Rd1 $18) 24... Bf6 25. Qf5 Qd8 26.
Rfd1 (26. f4 $1 {Stockfish10- Wh is winning, but the Rs need open files}) 26...
Qd6 27. Bf3 h6 28. Rc2 Re8 29. Be4 Rh8 30. Rdc1 Be5 31. g3 Qe7 32. a4 $1 {
forcing R entry} Nd7 33. Rc8 (33. Rc7 {Stockfish10} Bxc7 34. Rxc7 Rd8 35. Qh7+
Kf6 36. Rxb7 Qd6 37. Qxh6+ Ke7 (37... Ke5 38. f4+) 38. Qxg5+ Qf6 39. d6+ Kf8
40. Qd5 Qe6 41. Qxe6 fxe6 42. Bd3 $18 {Stockfish10}) 33... Nf6 34. Rxh8 Kxh8
35. Rc8+ (35. d6 Bxd6 36. Bxb7) 35... Kg7 36. Rc4 Nxe4 (36... Bd6 37. b5 axb5
38. axb5 Bc5 39. h4 gxh4 40. g4 $18 {Stockfish10}) 37. Rxe4 f6 38. f4 gxf4 39.
Qg4+ (39. gxf4 Bd4+ 40. Kg2 Qf8 41. Qd7+ (41. Rxd4 {would be good enough for
most humans}) 41... Kg8 42. Re8 $18 {Stockfish10}) 39... Kf8 40. Qc8+ Kg7 41.
Qc5 (41. Kf1 Qf7 42. gxf4 Bd6 43. Re6 Bf8 44. d6 $18 {Stockfish10}) 41... Qd7
42. Qc4 (42. gxf4) 42... fxg3 43. Rg4+ Kf8 44. hxg3 (44. d6 $18 {Stockfish10})
44... Bd6 (44... h5 45. Re4 Qxa4 46. Kg2 $16 {Stockfish10}) 45. Rh4 (45. Kg2) (
45. Qe4) 45... Qg7 (45... Bxg3 46. Rxh6 Qf5 47. Qc8+ Qxc8 48. Rh8+ Ke7 49. Rxc8
$18 {but it will still take a little while}) 46. Qc8+ Kf7 47. Qd7+ (47. Qe6+
Kf8 48. Rg4 {Stockfish10-mate or loss of Q}) 47... Be7 48. Qe6+ Ke8 (48... Kf8
49. Rg4 Qh7 50. Qc8+ Kf7 51. d6 Bxd6 52. Qxb7+ Be7 53. Re4 $18 {Stockfish10})
49. Rg4 1-0

[Event "Dyfed Open"]
[Site "Fishguard"]
[Date "2019.02.23"]
[Round "2.20"]
[White "Philpin, Les"]
[Black "Watkins, Peter"]
[Result "1-0"]
[WhiteElo "1702"]
[BlackElo "1581"]
[Annotator "kemen"]
[PlyCount "109"]
[EventDate "2019.??.??"]

{[%evp 0,109,69,20,20,19,27,21,15,-14,41,32,22,6,26,9,39,32,32,41,35,23,26,16,
17,13,42,31,116,124,139,133,123,142,126,72,75,59,90,64,83,81,121,102,107,91,
111,102,111,108,107,102,110,77,94,61,54,49,54,43,62,82,99,104,104,142,195,86,
107,55,103,86,95,105,105,101,101,101,127,141,165,155,161,135,151,142,160,108,
173,167,207,207,268,275,331,251,272,165,166,165,161,161,168,160,221,172,195,
178,184,237,181,267]} 1. d4 Nf6 2. Nf3 e6 3. Bf4 c5 4. c3 Nc6 5. e3 d5 6. Be2
Be7 7. Nbd2 cxd4 {rare} (7... O-O {main}) (7... Nh5) 8. exd4 Bd7 (8... O-O 9.
O-O Bd7 {transposes to several games}) 9. h3 (9. O-O {transposes}) 9... O-O 10.
Qc2 (10. O-O {again transposes}) 10... Rc8 11. Qd3 h6 12. Ne5 Re8 13. Qg3 Ne4 (
13... Kf8 14. O-O $14) 14. Nxe4 dxe4 15. Bxh6 $16 Bf8 16. Be3 (16. Bg5 Be7 (
16... f6 17. Bxf6 Qxf6 18. Nxd7 $18) 17. Bxe7 Qxe7 18. Rd1 $16 {Komodo12})
16... Nxe5 17. Qxe5 (17. dxe5 $16) 17... Bc6 (17... Qb6 18. Bc1 f5 19. Qg3 Bd6
20. Qg5 $14 {Komodo12}) 18. Bf4 (18. O-O) 18... Qd5 (18... Qb6 19. Bc1 (19.
O-O-O Bd5 $17) 19... Rcd8 20. O-O Rd5 21. Qg3 Bd6 22. Qe3 Rd8 $14 {Komodo12})
19. h4 f6 20. Qxd5 exd5 21. Bh5 Red8 22. Bg6 Be8 23. h5 Rc6 24. Bxe8 Rxe8 25.
Ke2 $16 Bd6 26. Be3 (26. Bxd6 Rxd6 27. h6 $16 {Komodo12}) 26... f5 27. Rh3 f4
28. Bd2 Bc7 29. Rah1 Ree6 (29... Kh7 $14) 30. Rh4 Rf6 31. Rg4 Rce6 (31... Kh7
32. Rg5 Rcd6 33. Rh4 Rd7 34. Rhg4 Ra6 35. a3 Rb6 36. Bc1 Rf6 37. a4 $16 {
Komodo12}) 32. Rg5 f3+ (32... Rb6 33. b3 Ra6 34. h6 Rxh6 35. Rxh6 Rxh6 36. Rxd5
$18 {Stockfish10}) 33. Kf1 (33. gxf3 exf3+ 34. Kd3 $18 Re2 35. Rhg1 Rxd2+ 36.
Kxd2 Bf4+ 37. Kd3 Bxg5 38. Rxg5 Re6 39. Re5 Rd6 40. Re7 Rb6 41. b3 Kh7 42. Rd7
Re6 43. Rxb7 Re2 44. c4 Rxf2 45. Rxa7 $18 {Komodo12}) 33... fxg2+ 34. Kxg2 Rd6
35. Rh3 Kh7 36. Rhg3 Rd7 37. R3g4 Rdf7 38. Be3 Rd7 39. Rg6 (39. b3) 39... Rxg6
40. hxg6+ Kg8 41. Kh3 (41. f3) 41... Bd8 42. Bg5 Bf6 43. Kh4 Re7 44. Rf4 $18
Bxg5+ 45. Kxg5 e3 46. fxe3 Rxe3 47. Rf5 (47. Rf7 {getting onto the 7th &
threatening back rank is even stronger}) 47... Rg3+ 48. Kf4 (48. Kh5 {keeping
the g6 pawn is even stronger} Rh3+ 49. Kg4 Rh2 50. Rxd5 Kf8 51. Rf5+ Kg8 52.
Rb5 b6 53. Rd5 Kf8 54. Rd7 Rxb2 55. Rf7+ Ke8 56. Rxa7 Rc2 57. Rxg7 Rxc3 58. Rb7
Kf8 59. Kf5 $18 (59. d5 Rd3 60. Kg5 $18 Rxd5+ 61. Kh6 Rd6 62. Kh7)) 48... Rxg6
49. Rxd5 $16 Rg2 50. Rb5 b6 51. a4 Re2 52. c4 Kf8 53. b3 Re6 (53... Rh2 {
keeps Bl alive a little longer} 54. a5 Rh6 55. c5 bxc5 56. dxc5 Ke7 57. Rb7+
Ke6 58. Rxa7 Kd5 59. Rxg7 Kxc5 60. Rb7 Ra6 61. b4+ {though is a forced win})
54. Rf5+ Ke7 (54... Kg8 55. d5 Re1 56. d6 Rd1 57. Ke5 (57. Rd5 $2 Rxd5 58. cxd5
Kf7 $19) 57... Rd3 58. Ke6 g6 59. Rd5 Re3+ 60. Kf6 Rf3+ 61. Kxg6 Rg3+ 62. Kf5
Rf3+ 63. Ke4 Rf8 64. d7 Rd8 65. Ke5 Kf7 66. Kd6 $18) 55. Re5 {In theory a
protected passed pawn should be far superior to an unprotected passed pawn.
However one other factor is the relative K positions, & , although there are
several winning lines for Wh here, it looks as if the cannot be forced & the
Wh K can be ke} (55. Re5 Rxe5 56. Kxe5 a5 {otherwise Wh gets 2 passed pawns}
57. Kf5 Kf7 58. d5 (58. Kg5 Ke7 59. Kg6 Kf8 60. d5 Kg8 61. Kf5 (61. b4 {
to force another passed pawn, is no use here as Bl will Q with check}) 61...
Kf7 62. d6 (62. Ke5 Ke7 {gets nowhere}) 62... g5 (62... g6+ $2 {will lose} 63.
Ke5 Ke8 (63... g5 64. Kd5 Ke8 65. Kc6 Kd8 66. Kxb6 g4 67. Kb7 g3 68. c5 g2 69.
c6 g1=Q 70. c7+ Kd7 71. c8=Q+ Kxd6 72. Qd8+ Ke5 (72... Ke6 73. Qb6+) 73. Qxa5+
$18) 64. Ke6 Kd8 65. d7 $18 {as Wh can just get in another pawn}) 63. Kxg5 Ke6
64. Kf4 Kxd6 65. Ke4 Kc5 {and Bl holds the draw}) 58... Ke7 (58... Kf8 $2 {
loses as it gives the Wh K the space he needs.} 59. Ke6 Ke8 60. d6 Kd8 (60...
g5 61. d7+ Kd8 62. Kd6 g4 63. b4 g3 64. c5 bxc5 65. bxc5 g2 66. c6 g1=Q 67. c7#
) 61. d7 g5 62. Kd6 g4 63. b4 axb4 64. a5 bxa5 65. c5 {etc}) 59. Ke5 Kd7 60. d6
g5 61. b4 axb4 62. c5 bxc5 63. a5 b3 64. a6 b2 65. a7 b1=Q 66. a8=Q Qe1+ 67.
Kf5 (67. Kd5 Qh1+) 67... Qe3 {and Bl mates in 49- Lomonosov tablebases}) (55.
a5 {after all that it looks as if Wh needs to get rid of one more pawn &
perhaps aim , if getting an exchange of Rs is no longer possible, to get an
ending of R & 2 connected pawns vs R &1. The a5 pawn being very effective & it
helps to a weak b6 as a Wh target. Though it must be said most players would
gop for the r swap in the text} Rh6 56. axb6 axb6 57. Rg5 Kf6 58. b4 Rh4+ 59.
Rg4 g5+ 60. Kf3 Rh1 61. Ke4 Rc1 62. Kd5 (62. c5 Rc4 63. Rg1 Rxb4 64. c6 Ke7 (
64... Ke6 65. Rc1 $18) 65. Ke5 (65. Rxg5 Kd6 66. Rg6+ {and Wh mates in 30-
Lomonosov tablebases}) 65... Rc4 66. d5 g4 67. Rb1 (67. Ra1 Kf7 68. Ra7+ Kg6
69. c7 $18) 67... g3 68. d6+ Ke8 69. Rxb6 g2 70. d7+ Ke7 71. Rb8 {and Wh mates
in 14- Lomonosov}) 62... Kf5 63. Rg2 g4 64. c5 (64. b5) 64... bxc5 65. dxc5 Kf4
{and Wh mates in 24- Lomonosov tablebases. Perhaps the moral of the story is
that simple K & P endings are quite often not. And that actually some R & P
endings are easier to play. A drastic illustration of this can be found in R
Van Kemenade-Garcia, WCPL 2018,0-1}) 1-0

[Event "Dyfed Open"]
[Site "Fishguard"]
[Date "2019.02.23"]
[Round "3.1"]
[White "Zeidler, Sven P."]
[Black "Taylor, Robert Graham"]
[Result "1-0"]
[WhiteElo "2149"]
[BlackElo "1809"]
[Annotator "kemen"]
[PlyCount "119"]
[EventDate "2019.??.??"]

{[%evp 0,119,46,46,51,13,11,28,16,12,22,9,8,18,73,28,49,32,81,52,47,53,41,20,
18,20,21,19,34,7,30,-6,26,-2,-1,-54,-69,-73,-15,-22,1,-5,-4,4,0,14,67,89,110,
109,124,143,160,119,123,126,140,85,98,74,90,53,109,109,146,94,151,94,101,83,56,
49,100,94,98,40,155,148,152,162,175,77,85,73,83,93,114,112,159,145,265,272,492,
888,29993,436,436,436,461,465,460,469,475,497,482,446,537,555,579,567,552,584,
737,771,784,837,984,803,843,845,879,900]} 1. e4 Nf6 2. Nc3 e5 3. Nf3 Nc6 4. Be2
Be7 5. O-O O-O 6. d4 d6 (6... exd4) 7. h3 h6 8. b3 (8. Be3) 8... Re8 (8... exd4
9. Nxd4 Nxd4 10. Qxd4 Re8 (10... c5 11. Qd3 b6 12. Nd5 a5 13. c4 Re8 14. Nxe7+
Qxe7 15. Bf3 Bb7 16. Bf4 Rad8 17. Rfe1 Bxe4 {Brvar-Skuhala, SLO ch U10, Murska
Sobota 2007,0-1}) 11. Bb2 b6 12. Bb5 Bd7 13. Bxd7 Qxd7 14. Nd5 {
Hera-Mjagmarsuren, Wld ch U10, Menorca 1996,1-0}) 9. Bb2 exd4 10. Nxd4 Bf8 11.
Nxc6 bxc6 $11 12. Bf3 Bb7 13. Re1 Nh7 (13... Nd7) 14. g3 g6 15. Ne2 (15. Na4
$11) 15... Ng5 16. Bg2 c5 17. Nc3 Bg7 18. Qd3 a5 19. Rad1 Ba6 20. Qd2 Bb7 21.
h4 Ne6 22. Na4 Bxb2 (22... Nd4 $11 {Komodo12}) 23. Nxb2 Kh7 24. Nc4 $16 Nd4 25.
c3 Ne6 26. e5 {and the Bl pawn struture is shown to be fragile} Bxg2 {and the
Bl pawn structure is shown to be fragile} 27. Kxg2 dxe5 (27... Ra6 28. h5 $16 {
Komodo12}) 28. Qxd8 (28. Qe3 Qf6 29. Nxe5 $16 {Komodo12}) 28... Rexd8 29. Nxe5
(29. Rxd8 Rxd8 30. Rxe5 $16 {also}) 29... Kg7 30. Nc6 Rf8 (30... Rxd1 31. Rxd1
Ra6 32. Ne5 Kf6 33. Rd5 Rd6 34. Rxd6 cxd6 35. Nc4 d5 36. Nxa5 $16 {Komodo12})
31. Rd7 Kf6 32. Ne5 Ra6 33. Rd5 Kg7 34. c4 Rd6 35. Nd7 Re8 36. Red1 Ra6 37.
R1d2 (37. Nxc5 Nxc5 38. Rxc5 Re2 39. Rxc7 Rxa2 40. Rcd7 Rb2 41. R7d3 Rb6 $14 {
Komodo12}) 37... Rc6 38. Ne5 Ra6 39. Rd7 Rf8 40. f4 {Bl is passively placed,
so Wh has time} a4 41. Re7 axb3 42. axb3 Nd4 43. Rxc7 Nxb3 44. Rdd7 Ra2+ (44...
Rf6 45. Kh3 h5 46. Re7 Rf5 47. Kg2 {Zugzwang, Bl must lose a pawn or an
exchange}) 45. Kh3 $18 Nd2 46. Nxf7 Kf6 (46... Rxf7 {avoids mate}) 47. Nxh6 (
47. Rd6+ $1 {Komodo12} Kg7 (47... Kf5 48. Re7 Nxc4 49. Nxh6#) 48. Ng5+ Kh8 49.
Rh7+ Kg8 50. Rxg6#) 47... Ke6 48. Re7+ Kd6 49. Nf7+ Rxf7 50. Rxf7 Nxc4 51.
Rfd7+ Ke6 52. Rg7 Kd5 53. Rxg6 Ne3 54. h5 (54. Rg5+ Ke4 55. Rgxc5) 54... Ra1
55. Kh4 c4 56. h6 Rh1+ 57. Kg5 Nf1 58. g4 Ng3 59. Rg8 Ne4+ 60. Kg6 1-0

[Event "Dyfed Open"]
[Site "Fishguard"]
[Date "2019.02.23"]
[Round "3.2"]
[White "Young, Alan"]
[Black "Thomas, Roy"]
[Result "1-0"]
[WhiteElo "2024"]
[BlackElo "1719"]
[Annotator "kemen"]
[PlyCount "69"]
[EventDate "2019.??.??"]

{[%evp 0,69,28,36,46,57,40,-7,3,-12,-4,-33,-10,-32,48,48,40,43,50,18,46,-26,22,
20,6,-1,-18,-11,-12,-4,3,-32,54,38,33,27,31,13,31,9,6,-1,11,10,60,49,70,52,63,
37,66,34,43,52,72,83,124,46,55,46,35,39,81,57,131,86,86,169,1217,1263,29997,
29998]} 1. e4 c5 2. Nf3 Nc6 3. c3 d5 4. exd5 Qxd5 5. d4 Nf6 6. Na3 (6. Be2)
6... cxd4 7. Nb5 Qd8 8. Nbxd4 Nxd4 9. Nxd4 (9. Qxd4 {main}) 9... a6 10. Qb3
$146 (10. Bf4) (10. Be2) 10... e6 (10... e5 $15 {Komodo12}) 11. Be2 Qc7 12. O-O
Bd6 13. Nf3 O-O $11 14. Bg5 {Wh has just be playing for simplicity, giving the
lower-rated player plenty of choices. Wh does have a 3 to2 majority on the Q
side for an ending} Ne4 15. Bh4 Be7 (15... Bd7 $15 {Komodo12}) 16. Bxe7 Qxe7
17. a4 Qc7 18. Rfd1 Bd7 19. Rd4 Bc6 20. Qc2 f5 $11 {the unbalance in the pawn
structure gives Wh something to explore} (20... Nf6 $11) 21. Bc4 Qe7 (21...
Rae8) 22. Ne5 $16 Rac8 (22... Bd5 23. Bxd5 exd5 24. Nd3 {and Bl has an
isolated pawn to defend}) 23. Nxc6 (23. f3 Nd6 24. Bb3 Nf7 25. Re1 $16 {
Komodo12}) 23... Rxc6 24. Rad1 $14 Rd6 25. Rxd6 (25. f3) 25... Nxd6 26. Ba2 Kh8
27. Qb3 e5 (27... Re8) 28. Qb6 (28. Qe6 {Komodo12} Qxe6 29. Bxe6 Ne4 30. Bxf5
Nxf2 31. Kxf2 Rxf5+ 32. Ke3 h6 33. Rd7 $16 {and the Q side majority comes into
play}) 28... Rf6 29. Qa7 Rf8 30. a5 f4 31. Qc5 Rf6 (31... Rd8 {FRitz13 &
Komodo12}) 32. Qd5 $18 Nf7 (32... Qe8 33. c4 {and the Q side pawns advance,
while has to sit on the defensive with his pieces}) 33. Qd7 Rd6 34. Rxd6 Qxd6
35. Qe8+ 1-0

[Event "Dyfed Open"]
[Site "Fishguard"]
[Date "2019.02.23"]
[Round "3.3"]
[White "Williams, A. Howard"]
[Black "Waterfield, John W"]
[Result "1-0"]
[WhiteElo "2268"]
[BlackElo "1935"]
[Annotator "kemen"]
[PlyCount "59"]
[EventDate "2019.??.??"]

{[%evp 0,59,63,5,28,-11,-1,37,59,26,102,21,63,22,59,53,38,52,39,37,42,17,9,13,
35,25,20,14,26,23,54,35,60,56,50,33,70,70,70,71,115,116,102,-2,29,-8,-13,-64,
-34,-43,104,154,482,462,804,640,861,1458,29987,1880,29987,29984]} 1. d4 Nf6 2.
c4 c5 3. d5 b5 4. Nf3 g6 (4... Bb7 5. Nc3 b4 6. Nb1 e6 7. dxe6 fxe6 8. Bg5 Be7
9. e3 {Hurn-Waterfield, Rd1 Dyfed Open 2019,1/2-1/2}) 5. Qc2 Bg7 6. e4 bxc4 7.
Bxc4 O-O 8. O-O d6 9. Nc3 Ba6 (9... Nbd7 {Hurn-Waterfield, Welsh Seniors ch
2018,1/2-1/2}) 10. Bxa6 Nxa6 11. Bf4 (11. Qe2) 11... Qb6 (11... Nc7) (11... Rb8
) 12. Qd2 $146 {Cloud Engines} (12. Rfe1) (12. Rad1) (12. Rab1) 12... Rab8 13.
Rab1 Nd7 14. Rfe1 Rb7 (14... Rfe8 $11 {Komodo12}) (14... c4 $11 {Stockfish8 &
Komodo12}) 15. Bh6 (15. e5 $16 {Komodo12}) 15... Rd8 16. Bxg7 Kxg7 17. Re3 Ne5
(17... Nc7 $11 {Komodo12}) 18. Nxe5 dxe5 19. Rh3 (19. b3) 19... Rh8 {too
passive} (19... h5 20. Rg3 Qd6 21. Qg5 Rdb8 22. b3 c4 23. Qxh5 cxb3 24. Rxb3
Rxb3 25. axb3 Rxb3 $11 {Komodo12}) 20. Qh6+ $18 Kg8 21. f4 (21. d6 e6 (21...
exd6 22. Nd5 Qd8 23. Rf3 $18) 22. Rd1 (22. Qg5 Rd7) 22... Rd7 23. Qg5 Rxd6 24.
Rhd3 h6 25. Qxe5 (25. Qf6 $1 {Komodo12 & Stockfish10}) 25... Rxd3 26. Rxd3 Kh7
27. Rd7 Rf8 28. Qf6 Kg8 29. Rd2 c4 30. h4 $16 {Komodo12}) 21... exf4 (21... c4+
22. Kh1 Nc5 $11 {Komodo12}) 22. e5 (22. Qxf4) 22... c4+ 23. Kh1 Qd4 $11 {
looks like losing a crucial tempo in getting the N back into play} (23... Nb4
$15 {Komodo12 & Stockfish10} 24. Qxf4 Nd3 25. Rxd3 cxd3 $17) 24. e6 fxe6 (24...
Nc5 {Komodo12 initially thinks this holds; Stockfish10 doesn't} 25. exf7+ (25.
Rf3 Nd3 $17) 25... Kxf7 26. Rf1 e5 27. dxe6+ Nxe6 28. Rhf3 g5 (28... Re7 29.
Ne2 Qg7 30. Rxf4+ Kg8 31. Qxg7+ Kxg7 32. Rxc4 $16 {Stockfish10}) 29. g3 Qf6 30.
gxf4 Qxh6 31. fxg5+ Ke7 32. gxh6 Rxb2 33. Rf7+ Kd6 34. Rd1+ Kc6 35. Rfd7 Nc7
36. R1d6+ Kb7 37. Nd5 Rc8 38. Rxh7 $18 {Komodo12- but Fischer tells us that
all long sequences have a hole in them somewhere.}) (24... f6 {may be forced}
25. Rf3 $16) 25. Rd1 Qf2 (25... Qf6 26. dxe6 Qf8 27. Qg5 Nb4 28. Rd7 $18 {
Komodo12}) 26. Rf3 $18 Qc2 27. Qxf4 (27. Rxf4 {& Bl must take the R on d1 to
avoid mate-Komodo12}) 27... Kg7 (27... Qf5 {initially thought by Bl to hold,
however} 28. Qxc4 (28. Qe3 {Komodo12}) 28... Rb4 29. Qxa6 Qe5 30. d6 $18 {
Komodo12}) 28. Qe5+ Kg8 29. Qxe6+ {[%emt 0:00:08] mate in} (29. dxe6 {[%emt 0:
00:05] mate in}) 29... Kg7 30. Qe5+ (30. Rf7+ {mates} Kh6 31. Qh3+ Kg5 32. Qe3+
Kh5 33. g4+ Kxg4 34. Rg1+ Qg2+ 35. Rxg2+ Kh4 36. Qh6#) 1-0